Online
Catalog

Probabilidade & estatística para engenharia e ciências / (Record no. 56390)

MARC details
000 -CABECERA
campo de control de longitud fija 01319nam a2200349 i 4500
003 - IDENTIFICADOR DEL NÚMERO DE CONTROL
campo de control DO-SdBNP
005 - FECHA Y HORA DE LA ÚLTIMA TRANSACCIÓN
campo de control 20240415093214.0
007 - CAMPO FIJO DE DESCRIPCIÓN FÍSICA--INFORMACIÓN GENERAL
campo de control de longitud fija ta
008 - DATOS DE LONGITUD FIJA--INFORMACIÓN GENERAL
campo de control de longitud fija 240414b2009 br ||||| |||| 00| 0 eng d
020 ## - NÚMERO INTERNACIONAL ESTÁNDAR DEL LIBRO
Número Internacional Estándar del Libro 9878576051992
040 ## - FUENTE DE LA CATALOGACIÓN
Centro catalogador/agencia de origen DO-SdBNP
Lengua de catalogación spa
Centro/agencia transcriptor BNPHU
Normas de descripción rda
041 ## - CÓDIGO DE LENGUA
Código de lengua del texto/banda sonora o título independiente por
Código de lengua original eng
082 #4 - NÚMERO DE LA CLASIFICACIÓN DECIMAL DEWEY
Número de clasificación 519.02462
Número de documento/Ítem W218p
Número de edición 2008
100 1# - ENTRADA PRINCIPAL--NOMBRE DE PERSONA
Nombre de persona Walpole, Ronald E.,
Término indicativo de función/relación autor
9 (RLIN) 85231
240 ## - TÍTULO UNIFORME
Título uniforme Probability and statistics for engineers and scientists
Lenguaje de la obra Español
245 10 - MENCIÓN DE TÍTULO
Título Probabilidade & estatística para engenharia e ciências /
Resto del título
Mención de responsabilidad, etc. Ronald E. Walpole, Raymond H. Myers, Sharon L. Myers ; traducción, Luciane F. Pauleti Vianna.
246 ## - FORMA VARIANTE DE TÍTULO
Título propio/Titulo breve Probabilidade e estatística para engenharia e ciências
250 ## - MENCIÓN DE EDICIÓN
Mención de edición Octava edición
264 #4 - PRODUCCIÓN, PUBLICACIÓN, DISTRIBUCIÓN, FABRICACIÓN Y COPYRIGHT
Producción, publicación, distribución, fabricación y copyright São Paulo :
Nombre del de productor, editor, distribuidor, fabricante Pearson Prentice Hall,
Fecha de producción, publicación, distribución, fabricación o copyright 2009.
300 ## - DESCRIPCIÓN FÍSICA
Extensión xxiii, 508 páginas
336 ## - TIPO DE CONTENIDO
Término de tipo de contenido texto
Fuente 2 rdacontent
Código de tipo de contenido txt
337 ## - TIPO DE MEDIO
Nombre/término del tipo de medio sin mediación
Código del tipo de medio n
Fuente rdamedia
338 ## - TIPO DE SOPORTE
Nombre/término del tipo de soporte volumen
Fuente rdacarrier
Código del tipo de soporte nc
504 ## - NOTA DE BIBLIOGRAFÍA, ETC.
Nota de bibliografía, etc. Bibliografia
650 ## - PUNTO DE ACCESO ADICIONAL DE MATERIA--TÉRMINO DE MATERIA
Término de materia o nombre geográfico como elemento de entrada Ingeniería
Subdivisión general Métodos estadísticos
9 (RLIN) 47201
650 ## - PUNTO DE ACCESO ADICIONAL DE MATERIA--TÉRMINO DE MATERIA
Término de materia o nombre geográfico como elemento de entrada Probabilidades
9 (RLIN) 85236
700 1# - PUNTO DE ACCESO ADICIONAL--NOMBRE DE PERSONA
Nombre de persona Myers, Raymond H.,
Término indicativo de función/relación autor
9 (RLIN) 85232
700 1# - PUNTO DE ACCESO ADICIONAL--NOMBRE DE PERSONA
Nombre de persona Myers, Sharon L.,
Fechas asociadas al nombre 1944-
Término indicativo de función/relación autor
9 (RLIN) 85233
700 1# - PUNTO DE ACCESO ADICIONAL--NOMBRE DE PERSONA
Nombre de persona Ye, Keying,
Término indicativo de función/relación autor
9 (RLIN) 85234
700 1# - PUNTO DE ACCESO ADICIONAL--NOMBRE DE PERSONA
Nombre de persona Vianna, Luciane F. Pauleti
Término indicativo de función/relación traductor
9 (RLIN) 85235
942 ## - ELEMENTOS DE PUNTO DE ACCESO ADICIONAL (KOHA)
Fuente del sistema de clasificación o colocación Dewey Decimal Classification
Tipo de ítem Koha Libro

No items available.

Powered by Koha